00400nam a2200157Ia 4500003000400000008004100004040001600045082001700061100002100078245005500099260002000154650001500174650001200189650001900201650002200220GCL140319s9999 xx 000 0 eng d aGCL / cGCL04aCHb843bB B1 aBOTTET, BEATRICE10aBOUCLE D' OR ET LES TOIS OURS / cBOTTET, BEATRICE a[S.N] : bHEMMA04aLITERATURE04aFICTION04aFRENCH FICTION04aFRENCH LITERATURE